000 00916cam a22002295a 4500
001 L153394
008 110720e20110714xxk 000 0 eng d
035 _a(Sirsi) u153394
041 0 _aeng
100 1 _aBradley, John
245 0 0 _aConstruction Act
_bcontractors will be hit hard by Construction Act changes
260 _c2011
490 _aConstruction News
_v(7225) 14 July 2011, 14(1)
520 _aDiscusses the potentially damaging elements of the Construction Act which the government intends to bring into force on 1 October 2011.
590 _aKA
650 2 4 _aLOCAL DEMOCRACY, ECONOMIC DEVELOPMENT AND CONSTRUCTION ACT 2009
650 2 4 _aHOUSING GRANTS, CONSTRUCTION AND REGENERATION ACT 1996
651 4 _aEngland and Wales
_y1543-
690 _aBUILT ENVIRONMENT-CONSTRUCTION MANAGEMENT-BUILDING CONTRACT ADMINISTRATION
690 _aBUILT ENVIRONMENT-CONSTRUCTION MANAGEMENT
942 _n0
999 _c83280
_d83280